[Event "Hessen-ch Seniors op 05th"]
[Site "Bad Sooden-Allendorf"]
[Date "2009.05.03"]
[Round "9"]
[White "Daebel, Hasso"]
[Black "Homes, Helmut"]
[Result "1-0"]
[WhiteElo "1510"]
[BlackElo "1583"]
[PlyCount "83"]
[EventDate "2009.04.25"]
[EventType "swiss"]
[EventRounds "9"]
[EventCountry "GER"]
[SourceTitle "EXT 2022"]
[Source "ChessBase"]
[SourceDate "2021.10.06"]
[SourceVersion "1"]
[SourceVersionDate "2021.10.06"]
[SourceQuality "1"]

1. Nf3 Nc6 2. d4 d5 3. Bf4 Nf6 4. h3 e6 5. a3 Bd6 6. Qc1 0-0 7. Nc3 Re8 8. Bg5 h6 9. Bxh6 gxh6 10. Qxh6 Bf8 11. Qg5+ Bg7 12. 0-0-0 Nh7 13. Qh5 Qf6 14. e3 Qh6 15. Qxh6 Bxh6 16. g4 Ng5 17. Nh2 f6 18. f4 Nf7 19. Bd3 f5 20. gxf5 exf5 21. Rdg1+ Kh8 22. Nxd5 Rg8 23. Rxg8+ Kxg8 24. Nxc7 Rb8 25. Bc4 Ncd8 26. Nb5 a6 27. Nc3 b5 28. Bd3 Kf8 29. Rg1 Nb7 30. h4 Nbd6 31. b3 Bb7 32. Nf1 Rc8 33. Kd2 a5 34. Ng3 b4 35. axb4 axb4 36. Na2 Ne4+ 37. Nxe4 fxe4 38. Bc4 Rd8 39. Nxb4 Nd6 40. Rg8+ Ke7 41. Rxd8 Kxd8 42. Bd5 1-0

[Event "Hessen-ch Seniors op 05th"]
[Site "Bad Sooden-Allendorf"]
[Date "2009.04.30"]
[Round "6"]
[White "Homes, Helmut"]
[Black "Schumacher, Ursula"]
[Result "1-0"]
[WhiteElo "1583"]
[BlackElo "1392"]
[PlyCount "52"]
[EventDate "2009.04.25"]
[EventType "swiss"]
[EventRounds "9"]
[EventCountry "GER"]
[SourceTitle "EXT 2022"]
[Source "ChessBase"]
[SourceDate "2021.10.06"]
[SourceVersion "1"]
[SourceVersionDate "2021.10.06"]
[SourceQuality "1"]

1. e4 c6 2. d4 d5 3. Nc3 dxe4 4. Nxe4 Bf5 5. Ng3 Bg6 6. h4 h6 7. Nf3 Nd7 8. Bf4 Ngf6 9. Ne5 Nxe5 10. Bxe5 e6 11. h5 Bh7 12. Bd3 Bxd3 13. Qxd3 Be7 14. 0-0-0 0-0 15. f3 Nd5 16. a3 Bg5+ 17. Kb1 Nf4 18. Bxf4 Bxf4 19. Ne4 Bd6 20. g4 f5 21. gxf5 exf5 22. Nxd6 Qxd6 23. Rhg1 Rae8 24. Rg6 Re6 25. Qb3 Rfe8 26. Re1 Qd5 1-0

[Event "Hessen-ch Seniors op 05th"]
[Site "Bad Sooden-Allendorf"]
[Date "2009.04.29"]
[Round "5"]
[White "Gudat, Alfons"]
[Black "Homes, Helmut"]
[Result "1-0"]
[WhiteElo "1844"]
[BlackElo "1583"]
[PlyCount "55"]
[EventDate "2009.04.25"]
[EventType "swiss"]
[EventRounds "9"]
[EventCountry "GER"]
[SourceTitle "EXT 2022"]
[Source "ChessBase"]
[SourceDate "2021.10.06"]
[SourceVersion "1"]
[SourceVersionDate "2021.10.06"]
[SourceQuality "1"]

1. e4 e5 2. Nf3 Nc6 3. Bb5 a6 4. Ba4 Nf6 5. d3 d6 6. c3 g6 7. 0-0 Bg7 8. Bg5 b5 9. Bb3 h6 10. Bh4 0-0 11. Re1 g5 12. Bg3 Bg4 13. h3 Bh5 14. Nbd2 Na5 15. Bc2 c5 16. Nf1 Qd7 17. Ne3 Bg6 18. Nh2 Nh5 19. Nd5 Rab8 20. Ng4 f5 21. exf5 Bxf5 22. Nxh6+ Bxh6 23. Qxh5 Kg7 24. Ne3 Be6 25. d4 Bf7 26. Qd1 exd4 27. Nf5+ Kh7 28. Bxd6 1-0

[Event "Hessen-ch Seniors op 05th"]
[Site "Bad Sooden-Allendorf"]
[Date "2009.04.25"]
[Round "1"]
[White "Schulz, Wolfgang"]
[Black "Homes, Helmut"]
[Result "1-0"]
[WhiteElo "2083"]
[BlackElo "1583"]
[PlyCount "59"]
[EventDate "2009.04.25"]
[EventType "swiss"]
[EventRounds "9"]
[EventCountry "GER"]
[SourceTitle "EXT 2022"]
[Source "ChessBase"]
[SourceDate "2021.10.06"]
[SourceVersion "1"]
[SourceVersionDate "2021.10.06"]
[SourceQuality "1"]

1. e4 e5 2. Nf3 Nc6 3. Bb5 a6 4. Ba4 Nf6 5. 0-0 Nxe4 6. d4 b5 7. Bb3 d5 8. dxe5 Be6 9. Be3 Be7 10. c3 0-0 11. Nbd2 Na5 12. Bc2 f5 13. Nd4 Bd7 14. f3 Nxd2 15. Bxd2 Nc4 16. e6 Nxd2 17. Qxd2 Bc8 18. Nc6 Bc5+ 19. Kh1 Qd6 20. e7 Re8 21. Bb3 Be6 22. Nd8 c6 23. a4 Rxe7 24. Nxe6 Rxe6 25. axb5 Rh6 26. g4 Be3 27. Qg2 Bf4 28. h3 cxb5 29. Rfd1 Re8 30. Rxd5 1-0

[Event "GER-ch Seniors-A 20th"]
[Site "Erfurt"]
[Date "2008.08.11"]
[Round "7"]
[White "Bernhoeft, Erhard"]
[Black "Homes, Helmut"]
[Result "1-0"]
[WhiteElo "1934"]
[BlackElo "1719"]
[PlyCount "47"]
[EventDate "2008.08.05"]
[EventType "swiss"]
[EventRounds "9"]
[EventCountry "GER"]
[SourceTitle "CBM 126 Extra"]
[Source "ChessBase"]
[SourceDate "2008.11.05"]
[SourceVersion "1"]
[SourceVersionDate "2008.11.05"]
[SourceQuality "1"]

1. Nf3 Nf6 2. c4 c5 3. Nc3 Nc6 4. g3 g6 5. Bg2 Bg7 6. d4 cxd4 7. Nxd4 Nxd4 8. Qxd4 0-0 9. 0-0 e6 10. Qd3 a6 11. Bg5 h6 12. Bf4 Ne8 13. Qd1 g5 14. Be3 Rb8 15. Ba7 Ra8 16. Bc5 d6 17. Rc1 Be5 18. e3 Qc7 19. Ba3 g4 20. Ne4 Qb6 21. c5 Qa5 22. Nxd6 Nxd6 23. cxd6 Rd8 24. Rc5 1-0

[Event "GER-ch Seniors-A 20th"]
[Site "Erfurt"]
[Date "2008.08.07"]
[Round "3"]
[White "Rychlik, Kurt"]
[Black "Homes, Helmut"]
[Result "1-0"]
[WhiteElo "1947"]
[BlackElo "1719"]
[PlyCount "120"]
[EventDate "2008.08.05"]
[EventType "swiss"]
[EventRounds "9"]
[EventCountry "GER"]
[SourceTitle "CBM 126 Extra"]
[Source "ChessBase"]
[SourceDate "2008.11.05"]
[SourceVersion "1"]
[SourceVersionDate "2008.11.05"]
[SourceQuality "1"]

1. c4 c5 2. Nc3 Nc6 3. Nf3 Nf6 4. g3 g6 5. Bg2 Bg7 6. 0-0 0-0 7. e4 a6 8. d4 cxd4 9. Nxd4 Nxd4 10. Qxd4 Ng4 11. Qd2 Ne5 12. b3 d6 13. Bb2 Bg4 14. f4 Qb6+ 15. Kh1 Nc6 16. Nd5 Qd8 17. Bxg7 Kxg7 18. f5 gxf5 19. exf5 f6 20. Rf4 Ne5 21. h3 e6 22. hxg4 exd5 23. Qxd5 Rb8 24. Rd1 Nf7 25. Re4 Re8 26. Re6 b5 27. Bf1 Qb6 28. Rd2 h6 29. Kh2 b4 30. Bg2 a5 31. Rde2 Rxe6 32. Qxe6 Qd8 33. Bd5 Ne5 34. Kg2 Rc8 35. Bf3 Rc7 36. Rd2 Nf7 37. Qd5 Re7 38. Qb5 Re5 39. Qb7 Qe8 40. Kf2 Re7 41. Qa6 Re1 42. Be2 Rh1 43. Qb7 Rh2+ 44. Ke1 Qe5 45. Qd5 Qa1+ 46. Bd1 Rxd2 47. Qxd2 Qe5+ 48. Kf2 Ng5 49. Bf3 Nh3+ 50. Kg2 Ng5 51. Bd5 Ne4 52. Bxe4 Qxe4+ 53. Kh3 Qh1+ 54. Qh2 Qf3 55. Qg2 Qd3 56. Qb7+ Kf8 57. Qc8+ Kf7 58. Qd7+ Kf8 59. Qc8+ Kg7 60. Qb7+ Kf8 1-0

[Event "Hessen-ch Seniors op 04th"]
[Site "Bad Sooden-Allendorf"]
[Date "2008.04.28"]
[Round "5"]
[White "Homes, Helmut"]
[Black "Hoenisch, Florian"]
[Result "0-1"]
[WhiteElo "1721"]
[BlackElo "1624"]
[PlyCount "62"]
[EventDate "2008.04.24"]
[EventType "swiss"]
[EventRounds "9"]
[EventCountry "GER"]
[SourceTitle "EXT 2022"]
[Source "ChessBase"]
[SourceDate "2021.10.06"]
[SourceVersion "1"]
[SourceVersionDate "2021.10.06"]
[SourceQuality "1"]

1. e4 c5 2. Nc3 d6 3. g3 a6 4. Bg2 Qc7 5. d3 Nf6 6. f4 Nc6 7. Nf3 Bg4 8. h3 Bxf3 9. Bxf3 e6 10. Ne2 Be7 11. 0-0 0-0 12. c3 e5 13. Be3 b5 14. Rc1 Rad8 15. d4 exf4 16. Bxf4 Qd7 17. Kg2 Qc7 18. dxc5 Ne5 19. cxd6 Bxd6 20. Qc2 Nc4 21. Bxd6 Ne3+ 22. Kf2 Qb6 23. Qd3 Nxf1+ 24. Kxf1 Rxd6 25. Nd4 Nd7 26. Bg2 Ne5 27. Qe2 Rfd8 28. Kg1 g6 29. Kh2 Kg7 30. g4 Qc5 31. Bf1 Rxd4 0-1

[Event "Bad Woerishofen Seniors op 24th"]
[Site "Bad Woerishofen"]
[Date "2008.03.06"]
[Round "8"]
[White "Schumacher, Horst"]
[Black "Homes, Helmut"]
[Result "1-0"]
[WhiteElo "1713"]
[BlackElo "1744"]
[PlyCount "41"]
[EventDate "2008.02.28"]
[EventType "swiss"]
[EventRounds "9"]
[EventCountry "GER"]
[SourceTitle "EXT 2022"]
[Source "ChessBase"]
[SourceDate "2021.10.06"]
[SourceVersion "1"]
[SourceVersionDate "2021.10.06"]
[SourceQuality "1"]

1. e4 e5 2. d4 exd4 3. Nf3 Bb4+ 4. Bd2 Bxd2+ 5. Qxd2 Nf6 6. Bc4 Nc6 7. 0-0 0-0 8. Re1 Re8 9. e5 d5 10. Bd3 Nd7 11. Qf4 Nc5 12. Bxh7+ Kxh7 13. Ng5+ Kg6 14. Qxf7+ Kxg5 15. Qxg7+ Kh5 16. Qh7+ Kg5 17. h4+ Kf4 18. g3+ Kg4 19. Kg2 Nxe5 20. Rxe5 Qf6 21. Qh5# 1-0

[Event "Bad Woerishofen Seniors op 24th"]
[Site "Bad Woerishofen"]
[Date "2008.02.29"]
[Round "2"]
[White "Homes, Helmut"]
[Black "Lange, Manfred"]
[Result "0-1"]
[WhiteElo "1995"]
[BlackElo "2078"]
[PlyCount "40"]
[EventDate "2008.02.28"]
[EventType "swiss"]
[EventRounds "9"]
[EventCountry "GER"]
[SourceTitle "EXT 2019"]
[Source "ChessBase"]
[SourceDate "2018.10.10"]
[SourceVersion "1"]
[SourceVersionDate "2018.10.10"]
[SourceQuality "1"]

1. e4 c5 2. Nc3 Nc6 3. g3 g6 4. Bg2 Bg7 5. d3 d6 6. f4 e6 7. Nf3 Nge7 8. 0-0 d5 9. e5 Nf5 10. Re1 a6 11. Bd2 b5 12. a3 Bb7 13. Ne2 h5 14. c3 Qb6 15. Kh1 d4 16. Ng5 Rd8 17. cxd4 Ncxd4 18. Ne4 h4 19. g4 h3 20. Nxd4 hxg2+ 0-1

[Event "Bad Woerishofen Seniors op 24th"]
[Site "Bad Woerishofen"]
[Date "2008.02.28"]
[Round "1"]
[White "Ludwig, Egbert"]
[Black "Homes, Helmut"]
[Result "0-1"]
[WhiteElo "1303"]
[BlackElo "1744"]
[PlyCount "80"]
[EventDate "2008.02.28"]
[EventType "swiss"]
[EventRounds "9"]
[EventCountry "GER"]
[SourceTitle "EXT 2022"]
[Source "ChessBase"]
[SourceDate "2021.10.06"]
[SourceVersion "1"]
[SourceVersionDate "2021.10.06"]
[SourceQuality "1"]

1. d4 Nf6 2. Nf3 g6 3. g3 Bg7 4. Bg2 0-0 5. 0-0 d5 6. c4 e6 7. Qc2 Nbd7 8. b3 c5 9. cxd5 Nxd5 10. Bb2 cxd4 11. Bxd4 e5 12. Bb2 Re8 13. Rd1 Nb4 14. Qd2 Nc6 15. Nc3 e4 16. Ng5 e3 17. fxe3 Qxg5 18. Ne4 Qa5 19. Bxg7 Qxd2 20. Rxd2 Kxg7 21. Rc1 Nde5 22. Nd6 Rd8 23. a3 Be6 24. b4 Kf8 25. b5 Na5 26. Ne4 Rxd2 27. Nxd2 Rc8 28. Rxc8+ Bxc8 29. Ne4 Ke7 30. Ng5 Nac4 31. Bh3 Bxh3 32. Nxh3 Nxa3 33. Nf4 Nxb5 34. Nd5+ Kd6 35. Nf6 a5 36. Ne4+ Kc6 37. Nd2 a4 38. Kf2 Kc5 39. Nf3 Nxf3 40. Kxf3 a3 0-1

[Event "GER-ch Seniors Gp-A 19th"]
[Site "Templin"]
[Date "2007.08.25"]
[Round "3"]
[White "Nietsch, Horst"]
[Black "Homes, Helmut"]
[Result "0-1"]
[WhiteElo "1885"]
[BlackElo "1763"]
[PlyCount "99"]
[EventDate "2007.08.23"]
[EventType "swiss"]
[EventRounds "9"]
[EventCountry "GER"]
[SourceTitle "EXT 2022"]
[Source "ChessBase"]
[SourceDate "2021.10.06"]
[SourceVersion "1"]
[SourceVersionDate "2021.10.06"]
[SourceQuality "1"]

1. e4 e5 2. Bc4 Nf6 3. d3 Bc5 4. Nf3 Nc6 5. 0-0 0-0 6. Bg5 h6 7. Bh4 Be7 8. Nc3 d6 9. Bxf6 Bxf6 10. h3 Na5 11. Bb3 Nxb3 12. axb3 c6 13. Ne2 Re8 14. Ng3 d5 15. Qe2 g6 16. Qe3 Kg7 17. c3 a6 18. b4 Qd6 19. Rfd1 d4 20. Qe1 Bd8 21. c4 Qf6 22. Nh2 h5 23. Qe2 Be7 24. Qd2 b6 25. Rf1 Qd6 26. Ra4 h4 27. Ne2 f5 28. exf5 Bxf5 29. f3 b5 30. c5 Qd5 31. Ra3 Rf8 32. Rfa1 Bc8 33. Kh1 Ra7 34. Ng1 Rf5 35. Ng4 Bg5 36. Qe2 Raf7 37. Re1 Bf4 38. Qe4 Qxe4 39. fxe4 Rh5 40. Nf3 Bg3 41. Rf1 Rh8 42. Raa1 Bxg4 43. hxg4 Ra8 44. Ng5 Rxf1+ 45. Rxf1 Re8 46. Kg1 Kh6 47. Nf3 Ra8 48. Kh1 a5 49. bxa5 Rxa5 50. Kg1 0-1

[Event "Hessen-ch Seniors op 03rd"]
[Site "Bad Sooden-Allendorf"]
[Date "2007.05.05"]
[Round "8"]
[White "Tuertmann, Dieter"]
[Black "Homes, Helmut"]
[Result "1-0"]
[WhiteElo "1822"]
[BlackElo "1742"]
[PlyCount "87"]
[EventDate "2007.04.27"]
[EventType "swiss"]
[EventRounds "9"]
[EventCountry "GER"]
[SourceTitle "EXT 2022"]
[Source "ChessBase"]
[SourceDate "2021.10.06"]
[SourceVersion "1"]
[SourceVersionDate "2021.10.06"]
[SourceQuality "1"]

1. Nf3 Nf6 2. g3 g6 3. Bg2 Bg7 4. d3 d5 5. c3 c6 6. Nbd2 Nbd7 7. Qc2 0-0 8. 0-0 Re8 9. Re1 e5 10. e4 dxe4 11. dxe4 Nb6 12. Nf1 Qc7 13. a4 h6 14. b3 Be6 15. h3 Rad8 16. a5 Nc8 17. Nh4 Qd7 18. Kh2 Qd3 19. Qb2 Nd6 20. Re3 Qb5 21. Nd2 c5 22. c4 Qc6 23. Qc2 Qc8 24. Bb2 Nd7 25. Nb1 Nb8 26. Nc3 Nc6 27. Nd5 Nd4 28. Qd1 Kh7 29. Bc3 h5 30. Ra2 Bh6 31. Re1 Rf8 32. Bxd4 cxd4 33. Rae2 f6 34. Rf1 Qc5 35. f4 exf4 36. gxf4 g5 37. f5 Bxd5 38. Ng6 Bc6 39. Nxf8+ Rxf8 40. Ree1 Qe5+ 41. Kh1 Nxe4 42. Kg1 Re8 43. Qxh5 Qxa5 44. Qg6+ 1-0

[Event "Hessen-ch Seniors op 03rd"]
[Site "Bad Sooden-Allendorf"]
[Date "2007.05.02"]
[Round "5"]
[White "Homes, Helmut"]
[Black "Semisch, Helga"]
[Result "1-0"]
[WhiteElo "1742"]
[BlackElo "1196"]
[PlyCount "59"]
[EventDate "2007.04.27"]
[EventType "swiss"]
[EventRounds "9"]
[EventCountry "GER"]
[SourceTitle "EXT 2022"]
[Source "ChessBase"]
[SourceDate "2021.10.06"]
[SourceVersion "1"]
[SourceVersionDate "2021.10.06"]
[SourceQuality "1"]

1. e4 c5 2. Nc3 e6 3. g3 Nc6 4. Bg2 Rb8 5. d3 Be7 6. f4 d6 7. Nf3 Bf6 8. 0-0 Nd4 9. Ne2 Nxf3+ 10. Bxf3 Ne7 11. c3 0-0 12. d4 b6 13. e5 dxe5 14. dxe5 Bh4 15. gxh4 Ng6 16. h5 Nh4 17. Be4 Qe7 18. Qe1 Bb7 19. Bxb7 Rxb7 20. Ng3 Rd7 21. Qe2 Rfd8 22. Be3 f6 23. Rad1 Nf5 24. Nxf5 exf5 25. Rxd7 Rxd7 26. exf6 Qxf6 27. Rd1 Rb7 28. Qc4+ Kh8 29. Qd5 Rf7 30. Qd8+ 1-0

[Event "Bad Woerishofen Seniors opA 22th"]
[Site "Bad Woerishofen"]
[Date "2006.03.23"]
[Round "7"]
[White "Homes, Helmut"]
[Black "Lubberich, Alfred"]
[Result "1-0"]
[WhiteElo "1791"]
[BlackElo "1638"]
[PlyCount "79"]
[EventDate "2006.03.17"]
[EventType "swiss"]
[EventRounds "9"]
[EventCountry "GER"]
[SourceTitle "EXT 2022"]
[Source "ChessBase"]
[SourceDate "2021.10.06"]
[SourceVersion "1"]
[SourceVersionDate "2021.10.06"]
[SourceQuality "1"]

1. e4 c5 2. Nc3 e6 3. g3 d5 4. Bg2 d4 5. Nce2 Nc6 6. d3 Nf6 7. f4 Be7 8. Nf3 b6 9. 0-0 Bb7 10. c3 dxc3 11. bxc3 0-0 12. h3 Qc7 13. Bb2 Rad8 14. Qc2 Rd7 15. Rfd1 Rfd8 16. Rac1 Na5 17. Ne1 Ba6 18. d4 Nc4 19. Kf2 Bb7 20. Ba1 Bc6 21. Qd3 b5 22. Nc2 Qb7 23. d5 exd5 24. e5 Ne4+ 25. Kg1 Qb6 26. Ne3 Nxe3 27. Qxe3 Bb7 28. Rb1 a6 29. a4 Qc6 30. axb5 axb5 31. f5 Bg5 32. Nf4 c4 33. h4 Be7 34. Qf3 Bc5+ 35. Kh2 Bf2 36. Nh5 Qc5 37. Qg4 g6 38. Bxe4 Kh8 39. fxg6 fxg6 40. Bxg6 1-0

[Event "Bad Woerishofen Seniors opA 22th"]
[Site "Bad Woerishofen"]
[Date "2006.03.21"]
[Round "5"]
[White "Homes, Helmut"]
[Black "Reichwald, Klaus Dieter"]
[Result "1-0"]
[WhiteElo "1791"]
[BlackElo "1741"]
[PlyCount "119"]
[EventDate "2006.03.17"]
[EventType "swiss"]
[EventRounds "9"]
[EventCountry "GER"]
[SourceTitle "EXT 2022"]
[Source "ChessBase"]
[SourceDate "2021.10.06"]
[SourceVersion "1"]
[SourceVersionDate "2021.10.06"]
[SourceQuality "1"]

1. e4 g6 2. d4 Bg7 3. Nf3 d6 4. Bc4 c6 5. Be3 Nd7 6. 0-0 Qc7 7. Nc3 Ngf6 8. h3 0-0 9. Re1 b5 10. Bb3 b4 11. Ne2 Nxe4 12. a3 bxa3 13. Rxa3 d5 14. Qd3 e5 15. Rea1 Nxf2 16. Kxf2 e4 17. Qc3 exf3 18. Kxf3 Nf6 19. Bf4 Qd7 20. Ng3 Ne4 21. Nxe4 dxe4+ 22. Ke3 Rd8 23. Be5 Bh6+ 24. Ke2 Qf5 25. Rf1 Qh5+ 26. g4 Bxg4+ 27. hxg4 Qxg4+ 28. Ke1 Rd7 29. Ra6 Re8 30. Qg3 Qxg3+ 31. Bxg3 Rc8 32. c3 Kf8 33. Rf6 Bg5 34. Rfxc6 Rxc6 35. Rxc6 Rb7 36. Bd6+ Kg7 37. Be5+ Kh6 38. Bc2 Bh4+ 39. Kf1 f5 40. Bf4+ Bg5 41. Bxg5+ Kxg5 42. b4 h5 43. d5 h4 44. d6 Rd7 45. c4 h3 46. c5 Kf4 47. Kg1 e3 48. Bd1 Kg3 49. Rc7 Rd8 50. Rg7 h2+ 51. Kh1 f4 52. Rxg6+ Kf2 53. Rg2+ Ke1 54. Bf3 Rh8 55. Re2+ Kf1 56. Ra2 Rg8 57. d7 Rg1+ 58. Kxh2 Rg8 59. Be2+ Ke1 60. c6 1-0

[Event "Bad Woerishofen Seniors opA 22th"]
[Site "Bad Woerishofen"]
[Date "2006.03.20"]
[Round "4"]
[White "Kaiser, Hans"]
[Black "Homes, Helmut"]
[Result "0-1"]
[WhiteElo "1577"]
[BlackElo "1791"]
[PlyCount "108"]
[EventDate "2006.03.17"]
[EventType "swiss"]
[EventRounds "9"]
[EventCountry "GER"]
[SourceTitle "EXT 2022"]
[Source "ChessBase"]
[SourceDate "2021.10.06"]
[SourceVersion "1"]
[SourceVersionDate "2021.10.06"]
[SourceQuality "1"]

1. e4 e5 2. Nf3 Nc6 3. d4 exd4 4. Nxd4 Bc5 5. Nxc6 Qf6 6. Qf3 Qxc6 7. Nc3 Nf6 8. Bd3 0-0 9. 0-0 d6 10. Bg5 Bd4 11. Bxf6 Bxf6 12. Nd5 Bd8 13. Qe2 a6 14. c4 Re8 15. f4 Be6 16. f5 Bxd5 17. cxd5 Qb6+ 18. Qf2 Qxf2+ 19. Rxf2 Bf6 20. Rc2 Re7 21. Rb1 Bd4+ 22. Kf1 Rf8 23. g4 g6 24. Kg2 gxf5 25. gxf5 Kh8 26. Kf3 Rg8 27. Rg2 Rxg2 28. Kxg2 f6 29. Kf3 Rg7 30. b3 Be5 31. Rh1 h5 32. Be2 Kh7 33. Kf2 Kh6 34. Bf3 h4 35. h3 Bd4+ 36. Ke2 Kg5 37. Bg4 Kf4 38. Kd3 Bb6 39. Rf1+ Kg3 40. Rf3+ Kg2 41. Rf4 Bf2 42. Ke2 Bg3 43. Rf3 Rxg4 44. hxg4 h3 45. g5 h2 46. Rf1 fxg5 47. f6 Be5 48. f7 Bg7 49. Rf2+ Kg3 50. Rf3+ Kg4 51. Rf1 Kh4 52. Kf3 Kh3 53. e5 dxe5 54. Ke4 g4 0-1

[Event "EU-ch Seniors 05th"]
[Site "Bad Homburg"]
[Date "2005.??.??"]
[Round "3"]
[White "Tchetchelnitski, Boris"]
[Black "Homes, Helmut"]
[Result "1-0"]
[WhiteElo "2184"]
[BlackElo "2030"]
[PlyCount "43"]
[EventDate "2005.06.25"]
[EventType "swiss"]
[EventRounds "9"]
[EventCountry "GER"]
[SourceTitle "EXT 2006"]
[Source "ChessBase"]
[SourceDate "2005.11.24"]
[SourceVersion "1"]
[SourceVersionDate "2005.11.24"]
[SourceQuality "1"]

1. d4 Nf6 2. Bg5 h6 3. Bxf6 exf6 4. e3 d5 5. c4 Be6 6. Nc3 dxc4 7. d5 Bf5 8. Bxc4 Bd6 9. e4 Qe7 10. Nge2 Bg6 11. Bb5+ Nd7 12. 0-0 0-0 13. Bxd7 Qxd7 14. Nd4 Rfe8 15. Qf3 Re5 16. Qd3 Rae8 17. Nf3 Rh5 18. Rfe1 Qg4 19. Kh1 Bb4 20. Qb5 Rxe4 21. Rxe4 Bxc3 22. Re8+ 1-0

[Event "Schoenhagener Seniors op 14th"]
[Site "Uslar"]
[Date "2004.09.04"]
[Round "9"]
[White "Homes, Helmut"]
[Black "Zoll, Theobald"]
[Result "1/2-1/2"]
[WhiteElo "1748"]
[BlackElo "1518"]
[PlyCount "54"]
[EventDate "2004.08.27"]
[EventType "swiss"]
[EventRounds "9"]
[EventCountry "GER"]
[SourceTitle "EXT 2006"]
[Source "ChessBase"]
[SourceDate "2005.11.24"]
[SourceVersion "1"]
[SourceVersionDate "2005.11.24"]
[SourceQuality "1"]

1. e4 c5 2. Nc3 d6 3. f4 a6 4. Nf3 e6 5. g3 Nf6 6. Bg2 Nc6 7. 0-0 Qc7 8. d3 Be7 9. b3 0-0 10. Bb2 Rd8 11. Qe2 e5 12. Nd5 Nxd5 13. exd5 Nd4 14. Nxd4 exd4 15. Rae1 Re8 16. Be4 f5 17. Bg2 a5 18. c4 Bd7 19. Qh5 g6 20. Qf3 b5 21. Re2 b4 22. Rfe1 Bf6 23. h4 Rxe2 24. Rxe2 Re8 25. h5 Rxe2 26. Qxe2 Qd8 27. hxg6 hxg6 1/2-1/2

[Event "Schoenhagener Seniors op 14th"]
[Site "Uslar"]
[Date "2004.09.02"]
[Round "7"]
[White "Homes, Helmut"]
[Black "Augustat, Siegfried"]
[Result "0-1"]
[WhiteElo "1748"]
[BlackElo "1776"]
[PlyCount "52"]
[EventDate "2004.08.27"]
[EventType "swiss"]
[EventRounds "9"]
[EventCountry "GER"]
[SourceTitle "EXT 2006"]
[Source "ChessBase"]
[SourceDate "2005.11.24"]
[SourceVersion "1"]
[SourceVersionDate "2005.11.24"]
[SourceQuality "1"]

1. e4 e5 2. Nf3 Nc6 3. Bb5 a6 4. Ba4 Nf6 5. 0-0 b5 6. Bb3 Be7 7. Re1 d6 8. c3 0-0 9. h3 Na5 10. Bc2 c5 11. d4 Nd7 12. Nbd2 exd4 13. cxd4 Nc6 14. Nf1 cxd4 15. Nxd4 Nxd4 16. Qxd4 Ne5 17. Ne3 Bxh3 18. f4 Nc6 19. Qc3 Bd7 20. Nf5 Bxf5 21. exf5 Rc8 22. Qh3 Bf6 23. g4 Nb4 24. Bb3 Nc2 25. Bxc2 Rxc2 26. Rb1 Qa5 0-1

[Event "Schoenhagener Seniors op 14th"]
[Site "Uslar"]
[Date "2004.08.28"]
[Round "2"]
[White "Bode, Heinz"]
[Black "Homes, Helmut"]
[Result "1-0"]
[WhiteElo "1651"]
[BlackElo "1748"]
[PlyCount "82"]
[EventDate "2004.08.27"]
[EventType "swiss"]
[EventRounds "9"]
[EventCountry "GER"]
[SourceTitle "EXT 2006"]
[Source "ChessBase"]
[SourceDate "2005.11.24"]
[SourceVersion "1"]
[SourceVersionDate "2005.11.24"]
[SourceQuality "1"]

1. d4 Nf6 2. c4 e5 3. dxe5 Ng4 4. e4 Nxe5 5. Nf3 Qf6 6. Be2 Bb4+ 7. Bd2 Nxf3+ 8. Bxf3 Qxb2 9. Bxb4 Qxb4+ 10. Nd2 Nc6 11. 0-0 d6 12. Qc1 Be6 13. a3 Qa5 14. Rb1 Qa6 15. Qc3 0-0 16. Be2 Qa5 17. Qe3 b6 18. Rb5 Qa4 19. Rfb1 Rfe8 20. Qc3 f6 21. Bd1 Qa6 22. f4 Qc8 23. h3 Bd7 24. Rh5 Qd8 25. Bc2 g6 26. Qg3 Nd4 27. Bd3 Qe7 28. Kh2 Qg7 29. Rd5 f5 30. e5 dxe5 31. fxe5 c5 32. Re1 Re7 33. Nf3 Nxf3+ 34. gxf3 Rae8 35. f4 Qf7 36. Rd6 Be6 37. h4 Kh8 38. h5 gxh5 39. Qg5 Rg8 40. Qf6+ Qxf6 41. exf6 Rd7 1-0

[Event "NRW-ch op Seniors 14th"]
[Site "Beverungen"]
[Date "2003.06.20"]
[Round "7.11"]
[White "Homes, Helmut"]
[Black "Buecken, Rudolf"]
[Result "1-0"]
[WhiteElo "1728"]
[BlackElo "1641"]
[PlyCount "93"]
[EventDate "2003.06.14"]
[EventType "swiss"]
[EventRounds "9"]
[EventCountry "GER"]
[SourceTitle "EXT 2004"]
[Source "ChessBase"]
[SourceDate "2003.11.25"]
[SourceVersion "1"]
[SourceVersionDate "2003.11.25"]
[SourceQuality "1"]

1. e4 e5 2. Nf3 d6 3. d4 Nf6 4. Bd3 Bg4 5. c3 Be7 6. Nbd2 0-0 7. h3 Bxf3 8. Nxf3 Nbd7 9. Qb3 Qc8 10. 0-0 c6 11. Re1 Qc7 12. Ng5 d5 13. exd5 cxd5 14. dxe5 Nxe5 15. Be2 Ned7 16. Be3 Bc5 17. Bxc5 Qxc5 18. Nf3 Nb6 19. Rad1 Rfe8 20. Nd4 Re7 21. Bd3 Rae8 22. Rxe7 Rxe7 23. Qc2 g6 24. g4 Qc8 25. Kg2 Nxg4 26. Nf5 gxf5 27. Bxf5 Qc4 28. Rd4 Qe2 29. Rxg4+ Kh8 30. Bxh7 Qxc2 31. Bxc2 Re2 32. Bb3 Rxb2 33. Rd4 Kg7 34. Kg3 Kg6 35. h4 f6 36. Rg4+ Kh7 37. f3 Rd2 38. Kf4 Nd7 39. Kf5 Ne5 40. Rg3 Rd3 41. Kxf6 Rxf3+ 42. Rxf3 Nxf3 43. Bxd5 Nxh4 44. Kg5 Kg7 45. Kxh4 b6 46. Kg5 Kf8 47. Kf6 1-0

[Event "NRW-ch op Seniors 14th"]
[Site "Beverungen"]
[Date "2003.06.14"]
[Round "1.20"]
[White "Homes, Helmut"]
[Black "Kraemer, Marianne"]
[Result "1-0"]
[WhiteElo "1728"]
[BlackElo "1463"]
[PlyCount "99"]
[EventDate "2003.06.14"]
[EventType "swiss"]
[EventRounds "9"]
[EventCountry "GER"]
[SourceTitle "EXT 2004"]
[Source "ChessBase"]
[SourceDate "2003.11.25"]
[SourceVersion "1"]
[SourceVersionDate "2003.11.25"]
[SourceQuality "1"]

1. e4 e5 2. Nf3 Nc6 3. Bb5 d6 4. d4 exd4 5. Nxd4 Bd7 6. Nxc6 bxc6 7. Bc4 Nf6 8. Nc3 Be7 9. 0-0 0-0 10. Re1 Be6 11. Qe2 h6 12. Bxe6 fxe6 13. Qc4 Qd7 14. Be3 Kh8 15. Rad1 e5 16. h3 Qe8 17. b3 a6 18. a4 c5 19. f3 Qf7 20. Qd3 c6 21. Rf1 Nh5 22. Ne2 Qg6 23. f4 exf4 24. Nxf4 Nxf4 25. Rxf4 Qe6 26. Rdf1 Rxf4 27. Bxf4 d5 28. Re1 Bf6 29. Bd2 d4 30. g4 Be5 31. Kg2 Qd6 32. Rf1 Qe6 33. Qf3 Bf6 34. Qf5 Re8 35. Bxh6 Qxe4+ 36. Qxe4 Rxe4 37. Kf3 Re6 38. Bd2 Be7 39. Re1 Rf6+ 40. Ke2 Re6+ 41. Kd3 Rxe1 42. Bxe1 Kg8 43. c3 dxc3 44. Kxc3 Bf6+ 45. Kc4 Bd4 46. b4 Bg1 47. bxc5 Kf7 48. Bd2 Bh2 49. Kd3 Ke6 50. Ke4 1-0